=LDR 00000nam 2200000 4500 =001 INLIS000000000059021 =005 20211019091754 =035 ##$$a 0010-1021000469 =007 ta =008 211019###########################0#ind## =020 ##$$a 979-523-529-x =082 ##$$a 028.5 =084 ##$$a 028.5 Bis b =245 ##$$a Bis Air : $b Seri Pustaka Anak Nusantara =300 ##$$a 36 halaman : $b Ilustrasi ; $c 24 cm =650 #4$$a Bacaan kanak - kanak =264 ##$$a jakarta :$b Dian Rakyat,$c 2001 =336 ##$$a teks$2 rdacontent =337 ##$$a lain-lain$2 rdamedia =338 ##$$a laia-lain$2 rdacarrier =990 ##$$a 21982198